000
00322nam a2200133Ia 4500
008
230312s9999||||xx |||||||||||||| ||und||
020
_a
978-1292-062815
082
_a
657
_b
ATR-A
100
_a
Atrill;Peter
245
0
_a
Accounting and Finance for Non- Specialists
300
_a
576
650
_a
Management
942
_c
BK
999
_c
14851
_d
14851